[Event "KEN-ch"]
[Site "Nairobi"]
[Date "2022.12.26"]
[Round "2"]
[White "Simiyu, Alfred"]
[Black "Kigen, Kennedy"]
[Result "0-1"]
[WhiteElo "1077"]
[BlackElo "1741"]
[PlyCount "38"]
[EventDate "2022.12.26"]
[EventType "swiss"]
[EventRounds "9"]
[EventCountry "KEN"]
[SourceTitle "EXT 2024"]
[Source "ChessBase"]
[SourceDate "2023.10.10"]
[SourceVersion "1"]
[SourceVersionDate "2023.10.10"]
[SourceQuality "1"]

1. d4 g6 2. c3 Bg7 3. Bf4 d6 4. e3 Nd7 5. Bd3 e5 6. Bg3 Qe7 7. Ne2 Nh6 8. e4 0-0 9. 0-0 f5 10. Qb3+ Kh8 11. h3 f4 12. Bh2 f3 13. Ng3 fxg2 14. Kxg2 exd4 15. cxd4 Bxd4 16. Qc2 Nc5 17. Nc3 Qh4 18. Rad1 Qxh3+ 19. Kg1 Ng4 0-1